Salmon and trout farming
Zapisane w:
| Główni autorzy: | , |
|---|---|
| Format: | Książka |
| Język: | angielski |
| Wydane: |
Chichester
Ellis Horwood
1988
|
| Seria: | Aquaculture and Fisheries Support
|
| Hasła przedmiotowe: | |
| Etykiety: |
Dodaj etykietę
Nie ma etykietki, Dołącz pierwszą etykiete!
|
MARC
| LEADER | 00000nam a2200000 a 4500 | ||
|---|---|---|---|
| 001 | UCV4942 | ||
| 003 | CL-VaPUC | ||
| 008 | 910704e19880000UK |||||||||||||||||eng|d | ||
| 082 | 0 | 4 | |a 639.375 |b LAI |2 21 |
| 100 | |a Laird, Lindsay Margaret |e author |9 299146 | ||
| 700 | 0 | |a Needham, Ted |e author |9 299147 | |
| 245 | 1 | 0 | |a Salmon and trout farming |
| 300 | |a 217 p | ||
| 942 | |c BK | ||
| 945 | |d 19910704 00:00:00 | ||
| 260 | |a Chichester |b Ellis Horwood |c 1988 | ||
| 650 | 0 | |a Salmonicultura |9 261348 | |
| 650 | 0 | |a Manuales |9 257144 | |
| 650 | 7 | |a SALMON |2 CL-VaPUC |9 261349 | |
| 650 | 7 | |a TRUCHAS |2 CL-VaPUC |9 261157 | |
| 583 | |a last modification |c 19910704 00:00:00 |k Rodrigo Vera | ||
| 490 | 0 | |a Aquaculture and Fisheries Support | |
| 999 | |c 211566 |d 211564 | ||
| 952 | |0 0 |1 0 |4 0 |6 639_375000000000000_LAI_1988 |7 0 |8 R |9 191213 |a BIBRNT |b BIBRNT |d 2019-11-14 |i 258834K |o 639.375 LAI 1988 |p 258834K |r 2019-11-14 |w 2019-11-14 |y BK_R |k CIM | ||